[Event "VM 2016 Schachforum Darmstadt"]
[Site "Schachforum Darmstadt"]
[Date "2016.05.19"]
[Round "5.9"]
[White "Henkelmann, Frank"]
[Black "Wiencken, Marcus"]
[Result "1-0"]
[WhiteElo "1198"]
[BlackElo "1391"]
[PlyCount "61"]
[EventDate "2016.??.??"]
[WhiteTeam "SC Münster"]
[BlackTeam "Schachforum Darmstadt"]

1. c4 e5 2. Nc3 Nf6 3. g3 Bc5 4. Bg2 O-O 5. Nf3 Nc6 6. O-O a6 7. d3 d6 8. a3 h6
9. b4 Ba7 10. Nd2 Be6 11. b5 axb5 12. cxb5 Na5 13. Nce4 Nb3 14. Rb1 Nxc1 15.
Qxc1 Rb8 16. Nxf6+ Qxf6 17. Ne4 Qe7 18. Kh1 f5 19. Nc3 f4 20. Rb4 Qd7 (20...
fxg3 $142) 21. gxf4 Rxf4 22. Rxf4 exf4 23. Qxf4 Rf8 24. Qg3 Bd4 25. Nd5 Be5 26.
Qe3 c6 27. bxc6 bxc6 28. Nb4 Qc7 29. Bxc6 d5 30. d4 Bxh2 31. Qxe6+ 1-0

[Event "VM 2016 Schachforum Darmstadt"]
[Site "Schachforum Darmstadt"]
[Date "2016.05.19"]
[Round "5.8"]
[White "Tran, Hoai Nam"]
[Black "Fuchs, Andreas"]
[Result "0-1"]
[WhiteElo "1250"]
[BlackElo "1664"]
[PlyCount "48"]
[EventDate "2016.??.??"]
[WhiteTeam "vereinslos"]
[BlackTeam "SC Ober-Ramstadt"]

1. e4 e6 2. d4 d5 3. Nc3 Bb4 4. e5 Ne7 5. Nf3 c5 6. a3 cxd4 7. Qxd4 Nbc6 8. Bb5
Bxc3+ 9. Qxc3 Bd7 10. Bg5 Rc8 11. Qe3 Qa5+ 12. Qd2 Qxb5 13. O-O-O Qc4 14. h3 h6
15. Be3 Nf5 16. Rhe1 Nxe3 17. Rxe3 Qa6 18. g4 b5 19. Kb1 Na5 20. Qb4 Nc4 21.
Rc3 Qb6 22. Nd4 a5 23. Qb3 b4 24. a4 bxc3 0-1

[Event "VM 2016 Schachforum Darmstadt"]
[Site "Schachforum Darmstadt"]
[Date "2016.05.19"]
[Round "5.7"]
[White "Tampe, Alexander"]
[Black "Bitzer, André"]
[Result "1/2-1/2"]
[WhiteElo "1681"]
[BlackElo "1806"]
[PlyCount "31"]
[EventDate "2016.??.??"]
[WhiteTeam "Schachforum Darmstadt"]
[BlackTeam "SV Griesheim"]

1. e4 d5 2. exd5 Qxd5 3. Nc3 Qd6 4. Nf3 Bg4 5. Be2 Nf6 6. d3 c6 7. Be3 e5 8.
Ne4 Nxe4 9. dxe4 Qb4+ 10. Qd2 Qxd2+ 11. Nxd2 Bxe2 12. Kxe2 Nd7 13. a3 Bc5 14.
b4 Bxe3 15. Kxe3 Ke7 16. Rhd1 {(=)} 1/2-1/2

[Event "VM 2016 Schachforum Darmstadt"]
[Site "Schachforum Darmstadt"]
[Date "2016.05.19"]
[Round "5.5"]
[White "Remscheid, Torsten"]
[Black "Brockmann, Marcus"]
[Result "1-0"]
[WhiteElo "1617"]
[BlackElo "1408"]
[PlyCount "53"]
[EventDate "2016.??.??"]
[WhiteTeam "Schachforum Darmstadt"]
[BlackTeam "Schachforum Darmstadt"]

1. Nf3 d5 2. c4 e6 3. b3 Nf6 4. g3 g6 5. Bb2 Bg7 6. Bg2 c6 7. O-O O-O 8. e3
Nbd7 9. Qe2 Re8 10. d4 Ne4 11. cxd5 cxd5 12. Nbd2 e5 13. dxe5 Nxe5 14. Rfd1
Nxf3+ 15. Nxf3 Nc3 16. Bxc3 Bxc3 17. Rac1 Qa5 18. Nd4 Bd7 19. a4 a6 20. Qd3
Rac8 21. Ne2 Bf5 22. Qxd5 Qxd5 23. Bxd5 Bb2 24. Rxc8 Rxc8 25. Bxb7 Bg4 26. Bxc8
Bxc8 27. Rd8+ 1-0

[Event "VM 2016 Schachforum Darmstadt"]
[Site "?"]
[Date "2016.05.19"]
[Round "5.4"]
[White "Torrijos, Javier"]
[Black "Cors, HF."]
[Result "1-0"]
[WhiteElo "1552"]
[BlackElo "1926"]
[Annotator "Cors,Heinz-Friedrich"]
[PlyCount "85"]
[EventDate "2016.??.??"]

1. d4 Nf6 2. c4 e6 3. Nc3 Bb4 4. Qc2 O-O 5. a3 Bxc3+ 6. Qxc3 c5 7. dxc5 Na6 (
7... Ne4 8. Qc2 f5 9. Be3 Qc7 10. g3 a5 11. Bg2 Nxc5 12. Nh3 d6 13. O-O Nba6
14. Rad1 Bd7 15. b4 Ba4 16. Qd2 Ne4 17. Bxe4 fxe4 18. Rc1 h6 19. Nf4 Rfe8 20.
Bd4 Rad8 21. Bb2 Qf7 22. b5 Nc5 23. Qxa5 Ra8 24. Qb4 b6 25. Ng2 d5 26. Bd4 Rec8
27. cxd5 exd5 28. Bxc5 bxc5 29. Rxc5 Rxc5 30. Qxc5 Qd7 31. b6 d4 32. Rb1 Rc8
33. Qe5 Bc6 34. Rd1 d3 35. exd3 exd3 36. Nf4 Bf3 37. Rb1 d2 38. Qa1 d1=Q+ 39.
Rxd1 Qxd1+ 40. Qxd1 Bxd1 {
0-1 Chatterjee,D (2231)-Minhazuddin,A (2339)/Dhaka 2008/CBM 125 Extra}) 8. b4
Ne4 9. Qd4 d5 10. Bb2 Nf6 11. e3 Nc7 12. Nf3 Bd7 13. Ne5 Ba4 14. Bd3 dxc4 15.
Bxc4 Qxd4 16. Bxd4 a5 17. O-O Ne4 18. Ra2 Nd5 19. f3 Nec3 20. e4 Nb5 (20...
Nxa2 21. exd5 Nxb4 22. dxe6 Nc6 23. exf7+ Kh8 24. Bc3) 21. Bxb5 Bxb5 22. exd5
Bxf1 23. Kxf1 exd5 24. b5 f6 25. Nd7 Rf7 26. Nb6 Rd8 27. Re2 h5 28. Re6 Kf8 29.
c6 Rc7 30. Na4 Kf7 31. Re1 Re8 32. Rxe8 Kxe8 33. Bb6 Re7 34. Nc5 bxc6 35. bxc6
Kf7 36. c7 Re8 37. Ba7 d4 38. Nb7 Ke6 39. Bxd4 Kd7 40. Bb6 Rc8 41. Bxa5 Re8 42.
Bb6 Re6 43. Nc5+ 1-0

[Event "VM 2016 Schachforum Darmstadt"]
[Site "Schachforum Darmstadt"]
[Date "2016.05.19"]
[Round "5.2"]
[White "Gramlich, Sebastian"]
[Black "Heun, Andreas"]
[Result "1-0"]
[WhiteElo "2247"]
[BlackElo "1727"]
[PlyCount "79"]
[EventDate "2016.??.??"]
[WhiteTeam "Schachforum Darmstadt"]
[BlackTeam "SC Ladja Roßdorf"]

1. d4 g6 2. e4 d6 3. c4 Bg7 4. Nc3 Nf6 5. f3 O-O 6. Bg5 a5 7. Qd2 Na6 8. O-O-O
Kh8 9. h4 h5 10. Nge2 Nh7 11. Bh6 c6 12. g4 hxg4 13. Bxg7+ Kxg7 14. h5 Rh8 15.
h6+ Kg8 16. fxg4 Bxg4 17. Rg1 Qd7 18. Qf4 Bh5 19. Rd3 Nb4 20. Rdg3 Nf8 21. Bh3
Qe8 22. e5 Rh7 23. a3 dxe5 24. Qxe5 Rxh6 25. axb4 axb4 26. Nb1 Bxe2 27. Qxe2
Ra5 28. Qd2 Rah5 29. Bg4 Rh2 30. Qxb4 b5 31. c5 Qb8 32. Nd2 Rh1 33. Qc3 Rxg1+
34. Rxg1 Rh2 35. Qg3 Qxg3 36. Rxg3 e6 37. Bf3 Kg7 38. Bxc6 b4 39. Bb5 Nh7 40.
c6 1-0

[Event "VM 2016 Schachforum Darmstadt"]
[Site "Schachforum Darmstadt"]
[Date "2016.05.19"]
[Round "5.1"]
[White "Gersmann, Kai"]
[Black "Nothnagel, Marian Can"]
[Result "0-1"]
[WhiteElo "2094"]
[BlackElo "1991"]
[PlyCount "52"]
[EventDate "2016.??.??"]
[WhiteTeam "Schachforum Darmstadt"]
[BlackTeam "Schachforum Darmstadt"]

1. e4 e5 2. f4 exf4 3. Nf3 Nf6 4. e5 Nh5 5. Qe2 Be7 6. d4 O-O 7. g4 fxg3 8.
hxg3 Nxg3 9. Qh2 Nxh1 10. Bd3 g6 11. Bh6 Re8 12. Nbd2 d5 13. O-O-O Nf2 14. Qxf2
c5 15. dxc5 Nc6 16. a3 Bg4 17. Rg1 Qd7 18. Bb5 Qf5 19. Qe3 Bxf3 20. Nxf3 Bxc5
21. Qxc5 Qxf3 22. Rf1 Qh3 23. Bg5 Rxe5 24. Bd2 Rae8 25. Bd3 d4 26. Qc4 Qe6 0-1

[Event "VM 2016"]
[Site "Schachforum Darmstadt"]
[Date "2016.05.13"]
[Round "4.8"]
[White "Brockmann"]
[Black "Wiencken"]
[Result "1-0"]
[WhiteElo "1408"]
[BlackElo "978"]
[PlyCount "33"]

1. e4 e5 2. Nf3 Nc6 3. Bc4 Nf6 4. Ng5 d5 5. exd5 Nxd5 6. d4 Na5 7. Nxf7 Kxf7 8.
Qf3+ Ke6 9. Qg4+ Kd6 10. dxe5+ Kc5 11. b4+ Nxb4 12. Be3+ Kc6 13. Qe4+ Nd5 14.
Nc3 Bb4 15. Bxd5+ Kd7 16. Qf5+ Ke7 17. Qf7# 1-0

[Event "VM 2016 Schachforum Darmstadt"]
[Site "Schachforum Darmstadt"]
[Date "2016.04.29"]
[Round "4.7"]
[White "Welters, Burkhard"]
[Black "Henkelmann, Frank"]
[Result "1-0"]
[WhiteElo "1440"]
[BlackElo "1198"]
[PlyCount "21"]
[EventDate "2016.??.??"]
[WhiteTeam "Schachforum Darmstadt"]
[BlackTeam "SC Münster"]

1. e4 e5 2. Nf3 Nc6 3. Bb5 Nge7 4. O-O a6 5. Ba4 b5 6. Bb3 d5 7. exd5 Nxd5 8.
d4 Bg4 9. dxe5 Nxe5 10. Qxd5 Bd6 11. Nxe5 1-0

[Event "VM 2016 Schachforum Darmstadt"]
[Site "Schachforum Darmstadt"]
[Date "2016.04.29"]
[Round "4.6"]
[White "Bitzer, André"]
[Black "Friedel, Thomas"]
[Result "1/2-1/2"]
[WhiteElo "1806"]
[BlackElo "1641"]
[PlyCount "61"]
[EventDate "2016.??.??"]
[WhiteTeam "SV Griesheim"]
[BlackTeam "SV Groß-Gerau"]

1. b3 Nf6 2. Bb2 g6 3. e4 d6 4. g3 Bg7 5. Bg2 e5 6. Ne2 c5 7. O-O O-O 8. Nbc3
Nc6 9. Nd5 Bg4 10. f3 Be6 11. Nec3 Ne7 12. f4 exf4 13. Rxf4 Nfxd5 14. exd5 Nxd5
15. Nxd5 Bxb2 16. Rb1 Bd4+ 17. Kh1 Be5 18. Rf2 Rb8 19. Qf3 Bd4 20. Re2 Qg5 21.
h4 Bxd5 22. hxg5 Bxf3 23. Bxf3 Be5 24. Kg2 b6 25. Bd5 Kg7 26. Rf1 Rbe8 27. c3
Rd8 28. d4 cxd4 29. cxd4 Bxd4 30. Re7 a5 31. Rf4 1/2-1/2

[Event "VM 2016 Schachforum Darmstadt"]
[Site "Schachforum Darmstadt"]
[Date "2016.04.29"]
[Round "4.5"]
[White "Cors, Heinz-Friedrich"]
[Black "Tampe, Alexander"]
[Result "1-0"]
[WhiteElo "1926"]
[BlackElo "1681"]
[PlyCount "41"]
[EventDate "2016.??.??"]
[WhiteTeam "Schachforum Darmstadt"]
[BlackTeam "Schachforum Darmstadt"]

1. e4 e5 2. Bc4 Nf6 3. d3 Bc5 4. Nf3 d6 5. c3 Be6 6. Bxe6 fxe6 7. Qb3 Qc8 8.
Ng5 d5 (8... Ke7 $142) 9. Qb5+ Nbd7 10. Nxe6 c6 11. Qb3 Kf7 12. Ng5+ Ke7 13.
Nd2 Qc7 14. exd5 $6 (14. O-O $142 h6 15. Ngf3 Rhe8 16. Nh4 Bb6 17. Nf5+ Kf8 18.
a4 a5 19. Qd1 $16) 14... cxd5 15. Nde4 h6 (15... Nxe4 $142 16. dxe4 h6 17. Nf3
dxe4 18. Nh4 Qc6 19. Nf5+ Kf6 20. O-O Rad8 21. Ng3 $14) 16. Nxf6 Nxf6 (16...
gxf6 17. Nf3 Qc6 18. O-O Rag8 19. d4 Bd6 20. Be3 $16) 17. Nf3 Ng4 18. d4 (18.
O-O {Ist auch gut möglich, trotz der Mattdrohung auf h2.} e4 19. Qxd5 exf3 20.
Qe4+ Ne5 21. Re1 Kf7 22. d4 $18) 18... exd4 19. cxd4 Rhe8 20. O-O (20. dxc5
Kf7+ 21. Be3 Qxc5 22. O-O Nxe3 23. fxe3 Qxe3+ 24. Qxe3 Rxe3 25. Rac1 $18) 20...
Bxd4 $2 21. Qb4+ 1-0

[Event "VM 2016 Schachforum Darmstadt"]
[Site "Schachforum Darmstadt"]
[Date "2016.04.29"]
[Round "4.4"]
[White "Torrijos, Javier"]
[Black "Tibke, Jonas"]
[Result "1/2-1/2"]
[WhiteElo "1552"]
[BlackElo "1866"]
[PlyCount "44"]
[EventDate "2016.??.??"]
[WhiteTeam "Schachforum Darmstadt"]
[BlackTeam "Schachforum Darmstadt"]

1. d4 Nf6 2. c4 e6 3. Nc3 d5 4. Bg5 Nbd7 5. e3 Be7 6. Nf3 O-O 7. Rc1 a6 8. Bd3
dxc4 9. Bxc4 b5 10. Bb3 Bb7 11. O-O Rc8 12. Qe2 c5 13. Rfd1 Qa5 14. e4 b4 15.
e5 bxc3 16. exf6 Bxf6 17. Bxf6 Nxf6 (17... cxb2 18. Qxb2 Bxf3 19. gxf3 Nxf6)
18. Rxc3 Bxf3 19. Rxf3 cxd4 20. Rxd4 Rc1+ 21. Rd1 Rfc8 22. Rfd3 h6 {(=)}
1/2-1/2

[Event "VM 2016 Schachforum Darmstadt"]
[Site "Schachforum Darmstadt"]
[Date "2016.04.29"]
[Round "4.3"]
[White "Gersmann, Kai"]
[Black "Remscheid, Torsten"]
[Result "1-0"]
[WhiteElo "2094"]
[BlackElo "1617"]
[PlyCount "48"]
[EventDate "2016.??.??"]
[WhiteTeam "Schachforum Darmstadt"]
[BlackTeam "Schachforum Darmstadt"]

1. e4 c5 2. Nf3 a6 3. b4 cxb4 4. a3 e6 5. axb4 Bxb4 6. c3 Be7 7. d4 d6 8. Bd3
Nc6 9. Qb3 Nf6 10. O-O Qc7 11. d5 Ne5 12. Nxe5 dxe5 13. Be3 O-O 14. Bb6 Qb8 15.
Nd2 Nd7 16. Nc4 Nc5 (16... Nxb6 $142) 17. Qa3 exd5 18. exd5 Nxd3 19. Qxe7 Nf4
20. Rfd1 Ng6 (20... Ne2+ $142 21. Kf1 Nxc3 22. Bc7 Qa7 23. Bb6 Qb8) 21. Qb4 Bg4
22. Re1 Re8 23. d6 Qc8 24. Bc7 Qf5 (24... Qf5 25. Ne3) 1-0

[Event "VM 2016 Schachforum Darmstadt"]
[Site "Schachforum Darmstadt"]
[Date "2016.04.28"]
[Round "4.1"]
[White "Nothnagel, Marian Can"]
[Black "Gramlich, Sebastian"]
[Result "1-0"]
[WhiteElo "1991"]
[BlackElo "2247"]
[PlyCount "101"]
[EventDate "2016.??.??"]
[WhiteTeam "Schachforum Darmstadt"]
[BlackTeam "Schachforum Darmstadt"]

1. e4 e5 2. Nf3 Nc6 3. Bb5 a6 4. Ba4 d6 5. c3 f5 6. exf5 Bxf5 {(=)} 7. d4 e4 8.
Bg5 Be7 9. Nh4 Be6 10. Bxe7 Ngxe7 11. Nd2 O-O 12. Nxe4 Nd5 13. Nf3 Nf4 14. O-O
Bg4 15. Ned2 Qf6 16. Bc2 Qh6 17. h4 d5 18. Re1 Qh5 19. Re3 Rf6 20. Qf1 Raf8 21.
Rae1 Nh3+ 22. Kh2 Ng5 23. Nxg5 Qxh4+ 24. Nh3 Rxf2 25. Qd3 Bf5 26. Qxf5 R2xf5
27. Bxf5 Rxf5 28. Nf3 {Deutlich besser sind die Züge Dh5, Dh6 oder Dg4} Qf6 $2
29. Re6 Rxf3 30. gxf3 $6 (30. Rxf6 Rxf6 31. Re8+ Rf8 32. Rxf8+ Kxf8 $15) 30...
Qh4 (30... Qf5 $142) 31. R1e2 h6 (31... Kf7 $142) 32. Rg2 Qd8 33. Rxh6 Ne7 34.
Rh5 Qd6+ 35. f4 Ng6 {(=)} 36. Rf2 c6 37. Rg5 Ne7 38. Re2 Qf6 39. Ree5 g6 40.
Re2 {mit restlichen 10 Sekunden.} Kf7 41. Rge5 Nf5 42. Ng5+ Kg7 43. Re8 Qd6 44.
Kg2 Nh4+ 45. Kg3 Nf5+ 46. Kf3 Nh4+ 47. Kg4 Nf5 48. Rh8 Nh6+ 49. Rxh6 Qd7+ 50.
Ne6+ Kxh6 51. Rh2# 1-0

[Event "VM 2016 Schachforum Darmstadt"]
[Site "Schachforum Darmstadt"]
[Date "2016.04.07"]
[Round "3.8"]
[White "Fuchs, Andreas"]
[Black "Friedel, Thomas"]
[Result "0-1"]
[WhiteElo "1664"]
[BlackElo "1641"]
[PlyCount "136"]
[EventDate "2016.??.??"]
[WhiteTeam "SC Ober-Ramstadt"]
[BlackTeam "SV Groß-Gerau"]

1. e4 e5 2. f4 d5 3. exd5 e4 4. d3 exd3 5. Bxd3 Qxd5 6. Qf3 Qxf3 7. Nxf3 Bc5 8.
Nc3 Bd7 9. Nd5 Bb6 10. Ne5 Be6 11. Nxb6 axb6 12. Be4 c6 13. f5 Bc8 14. Nc4 Nd7
15. O-O Ngf6 16. Nd6+ Ke7 17. Nxc8+ Raxc8 18. Bg5 Rhe8 19. Bf3 Kf8 20. Bf4 Ne5
21. Kf2 Nxf3 22. Kxf3 Re4 23. Rfe1 Rce8 24. Rxe4 Rxe4 25. Rd1 Rc4 26. c3 Nd5
27. Bd6+ Ke8 28. Rd4 Rxd4 29. cxd4 Kd7 30. Ba3 g6 31. fxg6 fxg6 32. Ke4 Ke6 33.
Bf8 Nf6+ 34. Kf4 Kd5 35. Kg5 Ng8 36. Bg7 Ke4 37. Be5 c5 38. Bc7 cxd4 39. Bxb6
d3 40. Ba5 Ke3 41. b3 d2 42. Bxd2+ Kxd2 43. Kf4 Kc2 44. Ke5 Kb2 45. Ke6 Kxa2
46. Kf7 Kxb3 47. Kxg8 h5 48. Kg7 b5 49. Kxg6 h4 50. Kh5 Kc4 51. Kxh4 b4 52. g4
b3 53. g5 b2 54. g6 b1=Q 55. Kh5 Qf5+ 56. Kh6 Qh3+ 57. Kg5 Qxh2 58. g7 Qh7 59.
Kf6 Qg8 60. Kg6 Kd5 61. Kf6 Kd6 62. Kg6 Ke6 63. Kh6 Kf6 64. Kh5 Qxg7 65. Kh4
Kf5 66. Kh3 Kf4 67. Kh2 Kf3 68. Kh1 Qg2# 0-1

[Event "VM 2016 Schachforum Darmstadt"]
[Site "Schachforum Darmstadt"]
[Date "2016.04.07"]
[Round "3.7"]
[White "Tampe, Alexander"]
[Black "Welters, Burkhard"]
[Result "1/2-1/2"]
[WhiteElo "1681"]
[BlackElo "1440"]
[PlyCount "55"]
[EventDate "2016.??.??"]
[WhiteTeam "Schachforum Darmstadt"]
[BlackTeam "Schachforum Darmstadt"]

1. e4 Nf6 2. e5 Nd5 3. Nf3 d6 4. exd6 exd6 5. Bc4 Nf6 6. d4 d5 7. Bd3 h6 8. Bf4
Bd6 9. Bg3 Bg4 10. Nbd2 O-O 11. O-O Nc6 12. c3 Nh5 13. Bxd6 Qxd6 14. Qc2 Nf4
15. Bf5 Bxf5 16. Qxf5 Ne7 17. Qc2 Qg6 18. Qxg6 Nexg6 19. g3 Nh5 20. Rfe1 Nf6
21. Ne5 Rfe8 22. f4 Rad8 23. Re2 Ne4 24. Rae1 Nxd2 25. Rxd2 f6 26. Nf3 Rxe1+
27. Nxe1 Re8 28. Kf2 {(=)} 1/2-1/2

[Event "VM 2016 Schachforum Darmstadt"]
[Site "Schachforum Darmstadt"]
[Date "2016.04.07"]
[Round "3.6"]
[White "Wiencken, Marcus"]
[Black "Torrijos, Javier"]
[Result "0-1"]
[WhiteElo "1391"]
[BlackElo "1552"]
[PlyCount "52"]
[EventDate "2016.??.??"]
[WhiteTeam "Schachforum Darmstadt"]
[BlackTeam "Schachforum Darmstadt"]

1. e4 c6 2. Nf3 d5 3. exd5 cxd5 4. d4 Bg4 5. Be2 Nf6 6. c3 e6 7. O-O Bd6 8. Bg5
Nbd7 9. Bb5 Qc7 10. g3 O-O 11. Nbd2 Ne4 12. Be3 f5 13. Qc2 Nxd2 14. Nxd2 f4 15.
Bxf4 Bxf4 16. gxf4 Bh3 17. Rfe1 Qxf4 18. f3 Qg5+ 19. Kf2 Qg2+ 20. Ke3 Rxf3+ 21.
Nxf3 Qxc2 22. Bxd7 Rf8 23. Rg1 Qe4+ 24. Kd2 Rxf3 25. Rae1 Rf2+ 26. Kd1 Qc2# 0-1

[Event "VM 2016 Schachforum Darmstadt"]
[Site "Schachforum Darmstadt"]
[Date "2016.04.14"]
[Round "3.5"]
[White "Tibke, Jonas"]
[Black "Tran, Hoai Nam"]
[Result "1-0"]
[WhiteElo "1866"]
[BlackElo "1250"]
[PlyCount "33"]
[EventDate "2016.??.??"]
[WhiteTeam "Schachforum Darmstadt"]
[BlackTeam "vereinslos"]

1. e4 Nf6 2. e5 Nd5 3. d4 d6 4. exd6 exd6 5. Nf3 Nc6 6. Bb5 a6 7. Ba4 b5 8. Bb3
Be6 9. Qe2 Be7 10. Qe4 f5 (10... Ncb4 11. a3 Nf6 12. Qe2 Bxb3 13. cxb3 Nbd5)
11. Qxe6 Qd7 12. Bxd5 Qxe6+ 13. Bxe6 Bf6 14. c3 Ke7 15. Bxf5 Rhe8 16. O-O Kf8
17. Bd7 1-0

[Event "VM 2016 Schachforum Darmstadt"]
[Site "Schachforum Darmstadt"]
[Date "2016.04.07"]
[Round "3.4"]
[White "Seehaus, Bernhard"]
[Black "Cors, Heinz-Friedrich"]
[Result "1/2-1/2"]
[WhiteElo "1993"]
[BlackElo "1926"]
[PlyCount "51"]
[EventDate "2016.??.??"]
[WhiteTeam "Schachforum Darmstadt"]
[BlackTeam "Schachforum Darmstadt"]

1. c3 Nf6 2. d3 e5 3. Nf3 $146 Nc6 4. Bg5 Be7 5. e3 d6 6. d4 Bd7 (6... Ne4 $2
7. Bxe7 Kxe7 (7... Qxe7 $4 8. d5 Nb8 9. Qa4+ Nd7 10. Qxe4) 8. Bb5 $14) 7. Be2
Ne4 $6 (7... O-O 8. O-O h6 9. Bxf6 Bxf6 10. Nbd2 Bf5 $11) 8. Bxe7 Qxe7 9. O-O
O-O 10. Nbd2 Nf6 11. dxe5 Nxe5 12. Nxe5 Qxe5 13. Nf3 Qe7 14. Qd4 Rfe8 15. Rad1
a6 16. Qh4 Ne4 17. Qxe7 Rxe7 18. Nd4 Nf6 19. Bf3 Ne4 20. Nb3 Rb8 (20... f5 $142
) 21. Bxe4 Rxe4 22. Nc5 Re7 23. Nxd7 Rxd7 24. Rd4 Re7 25. Rfd1 Rbe8 26. Kf1 {
(=)} 1/2-1/2

[Event "VM 2016 Schachforum Darmstadt"]
[Site "Schachforum Darmstadt"]
[Date "2016.04.07"]
[Round "3.3"]
[White "Heun, Andreas"]
[Black "Bitzer, André"]
[Result "1-0"]
[WhiteElo "1727"]
[BlackElo "1806"]
[PlyCount "61"]
[EventDate "2016.??.??"]
[WhiteTeam "SC Ladja Roßdorf"]
[BlackTeam "SV Griesheim"]

1. e4 d5 2. exd5 Qxd5 3. Nc3 Qd6 4. d4 Nf6 5. Be2 g6 6. Nf3 Bg7 7. O-O O-O 8.
Nb5 Qb6 9. c4 c6 10. Nc3 Bg4 11. Na4 Qc7 12. Ne5 Bxe2 13. Qxe2 Nbd7 14. Re1
Rad8 15. Be3 Nxe5 16. dxe5 Qxe5 17. Qc2 Ng4 18. g3 Qa5 19. Rab1 Nxe3 20. Rxe3
Rd2 21. Qb3 Qf5 (21... Bd4 22. Rf3 Bxf2+ 23. Rxf2 Rxf2 24. Kxf2 Qf5+ 25. Ke2
Qxb1) 22. Rf1 b5 23. cxb5 cxb5 24. Qb4 Rd4 25. Qxe7 Rxa4 26. Qb7 Rxa2 27. Rf3
Qc5 28. Re1 Qc4 29. Rf4 Qd3 30. Rf3 Rxb2 $4 31. Rxd3 1-0

[Event "VM 2016 Schachforum Darmstadt"]
[Site "?"]
[Date "2016.04.14"]
[Round "3.2"]
[White "Remscheid, Torsten"]
[Black "Nothnagel, Marian Can"]
[Result "0-1"]
[WhiteElo "1617"]
[BlackElo "1991"]
[Annotator "Deep Fritz 14 x64 (60m)"]
[PlyCount "46"]

{D00: Damenbauernspiele} 1. d4 Nf6 2. Nf3 g6 3. Nc3 d5 4. Bf4 Bg7 5. e3 O-O 6.
Be2 c6 7. Ne5 {letzter Buchzug} Nbd7 8. h4 ({RR} 8. Qd2 a5 9. O-O a4 10. Rfd1
Qa5 11. Rab1 Nxe5 12. Bxe5 Bh6 13. b4 axb3 14. axb3 Nd7 15. Bg3 Re8 16. b4 Qd8
17. b5 e5 18. bxc6 bxc6 19. dxe5 Nxe5 20. Qd4 Bg7 21. Qb4 Qa5 22. Rdc1 Bf5 {
Wegerle,J (2430)-Bachmann,A (2623)/Barcelona ESP 2015/The Week in Chess 1086/1/
2-1/2 (111)}) 8... h5 ({RR} 8... Nxe5 9. dxe5 Nd7 10. Qd4 e6 11. h5 c5 12. Qd3
Nxe5 13. Bxe5 Bxe5 14. hxg6 fxg6 15. f4 c4 16. Qd2 Bg7 17. O-O-O Qa5 18. g4 b5
19. Bf3 b4 20. Nxd5 c3 21. Ne7+ Kf7 22. Kb1 cxd2 23. Nc6 {
Orgon,D (2107)-Takacs,L (1976)/Slovakia SVK 2012/The Week in Chess 901/0-1}) 9.
g4 $146 (9. Qd2 $142 $11 {ist noch spielbar} {RR} Nxe5 10. Bxe5 b6 ({RR} 10...
b5 11. f3 Bh6 12. Bd3 Nd7 13. Bf4 Bg7 14. Bg5 b4 15. Ne2 c5 16. b3 Qe8 17. e4
Nb6 18. e5 c4 19. bxc4 dxc4 20. Be4 c3 21. Qd3 Rb8 22. g4 f5 23. exf6 exf6 24.
Bxg6 Ba6 25. Bh7+ {Stripunsky,A (2578)-Naroditsky,D (2438)/Saint Louis USA
2011/The Week in Chess 859/1-0 (44)}) ({RR} 10... Ne4 11. Nxe4 Bxe5 12. dxe5
dxe4 13. Qc3 Be6 14. Rg1 Kh7 15. g4 hxg4 16. Bxg4 Bxg4 17. Rxg4 Qd7 18. Rxe4
Qe6 19. Qc4 Qxc4 20. Rxc4 Rad8 21. Rd1 Rxd1+ 22. Kxd1 Rd8+ 23. Ke2 Rd5 24. Rd4
Kh6 25. Kf3 {
Okhotnik,V (2460)-Leonardon,M (2186)/Le Touquet 2002/EXT 2003/1-0 (32)}) 11.
O-O-O Bb7 12. Rdg1 c5 13. g4 Nxg4 14. Bxg4 Bxe5 15. Bxh5 Bg7 16. Rg3 e5 17. Ne2
cxd4 18. exd4 Rc8 19. c3 Rc4 20. b3 Rc6 21. Bg4 b5 22. f4 exf4 23. Nxf4 b4 24.
Kb2 {
Romero Lopez,M (2016)-Garcia Rodriguez,D (2203)/Mondariz 2004/EXT 2005/0-1 (39)
}) ({RR} 9. f3 Qb6 10. b3 Nxe5 11. Bxe5 c5 12. dxc5 Qxc5 13. Qd4 Qxd4 14. Bxd4
Bf5 15. O-O-O Rfc8 16. Kb2 a6 17. Bd3 Bxd3 18. cxd3 e6 19. Na4 Nd7 20. Bxg7
Kxg7 21. d4 b5 22. Nc3 Nf6 23. Rc1 Ne8 {Nguyen Thu Giang (2105)-L'Ami,A (2372)/
Istanbul TUR 2012/The Week in Chess 930/0-1 (49)}) ({RR} 9. Qd3 Nxe5 10. dxe5
Bf5 11. Qd4 Ne4 12. f3 Nxc3 13. Qxc3 Qb6 14. O-O-O Rfd8 15. g4 hxg4 16. h5 gxf3
17. Bxf3 Qa6 18. h6 Bh8 19. h7+ Kf8 20. Kb1 Qc4 21. Qxc4 dxc4 22. Rd4 Rxd4 23.
exd4 Rd8 {Kuzin,A (2409)-Makovskis,G (2236)/Minsk BLR 2015/The Week in Chess
1102/1-0 (33)}) 9... Nxe5 $17 10. Bxe5 Bxg4 (10... Nxg4 11. Bxg7 Kxg7 12. Qd2
$17) 11. Qd2 (11. f3 Bf5 $17) 11... Bxe2 12. Qxe2 b5 13. O-O-O Qa5 14. f4 $2 (
14. a3 $142 $17) 14... b4 $19 15. Nb1 Ng4 16. Bxg7 Kxg7 17. Rhg1 (17. a3 bxa3
18. Nxa3 Rab8 $19) 17... f5 (17... Qxa2 $142 $5 {
damit würde Schwarz es sich noch erleichtern} 18. f5 b3 19. c3 gxf5 20. Qd2 $19
) 18. a3 (18. Qd2 Rab8 19. a3 c5 20. dxc5 Qxc5 21. Qd4+ Qxd4 22. exd4 bxa3 23.
Nxa3 a5 $19) 18... bxa3 19. Nxa3 Rab8 20. c3 $2 (20. Rd3 $142 $19) 20... Rb3
21. Nb1 (21. Rd2 {lenkt vielleicht noch ab} Rxa3 22. bxa3 Qxc3+ 23. Kb1 Rb8+
24. Rb2 Rxb2+ 25. Qxb2 Qxe3 26. Qc1 Qxd4 27. Re1 $19) 21... Rfb8 22. Rd2 Qa1
23. Rc2 a5 (23... a5 24. e4 dxe4 $19) 0-1

[Event "VM 2016 Schachforum Darmstadt"]
[Site "Schachforum Darmstadt"]
[Date "2016.04.21"]
[Round "3.1"]
[White "Gramlich, Sebastian"]
[Black "Gersmann, Kai"]
[Result "*"]
[WhiteElo "2247"]
[BlackElo "2094"]
[PlyCount "111"]
[EventDate "2016.??.??"]
[WhiteTeam "Schachforum Darmstadt"]
[BlackTeam "Schachforum Darmstadt"]

1. c4 g6 2. Nc3 Bg7 3. e4 d6 4. d4 Nf6 5. Nge2 O-O 6. f3 a6 7. Be3 c6 8. a4
Nbd7 9. a5 b5 10. axb6 Nxb6 11. Ng3 h5 12. Be2 Qc7 13. O-O c5 14. d5 e6 15. Qd2
exd5 16. exd5 Re8 17. Bg5 Nh7 18. Bf4 Nd7 19. Nb5 axb5 20. Rxa8 Nb6 21. Ra2
bxc4 22. Ne4 Bf8 23. Rc1 f5 24. Ng5 Nxg5 25. Bxg5 Bg7 26. Bxc4 Nxc4 27. Rxc4
Qb6 28. Ra8 Qb5 29. Qc2 Ba6 30. Rxe8+ Qxe8 31. Kf2 Bxc4 32. Qxc4 Bxb2 33. Qa6
Bd4+ 34. Kg3 Qd7 35. Qc6 f4+ 36. Kh4 Qf5 37. Qe8+ Kg7 38. Qe7+ Kg8 39. Qxd6
Bf2+ 40. g3 fxg3 41. hxg3 Bd4 42. Qb8+ Kg7 43. Qc7+ Kg8 44. Qd8+ Kg7 45. Qe7+
Kg8 46. Qe4 $2 {Weiß ist mir Remis nicht zufrieden und spielt Risiko.} Qxe4+
47. fxe4 Kf7 48. g4 $2 (48. d6 $1 c4 49. d7 Bb6 50. d8=Q Bxd8 51. Bxd8 c3 52.
Kg5 c2 53. Bf6 $18) 48... Bf6 49. gxh5 c4 $4 (49... Bxg5+ $1 50. Kxg5 gxh5 51.
e5 h4 $19) 50. Bxf6 Kxf6 51. e5+ Kf7 52. e6+ Ke7 53. hxg6 c3 54. g7 c2 55. g8=Q
c1=Q 56. Qg5+ *